Statistics for Countries Connected in the World Map #1

Click here to take the quiz!

General Stats

  • This quiz has been taken 55,190 times
    (52,911 since last reset)
  • The average score is 15 of 17

Answers on the Map

Answers color-coded by a green-red scale on the quiz's map according to % correct below.
 

Answer Stats

Country% Correct
China
99%
Egypt
93%
Laos
92%
Iran
91%
Cambodia
90%
Iraq
90%
Libya
89%
Israel
87%
Jordan
86%
Chad
85%
D. R. of Congo
84%
Uzbekistan
83%
Turkmenistan
82%
Kyrgyzstan
81%
Central African
Republic
79%
Namibia
79%
Angola
78%

Score Distribution

Percentile by Number Answered

Percent of People with Each Score

Your Score History

You have not taken this quiz since the last reset